000 00219nam a22000857a 4500
008 161202b xxu||||| |||| 00| 0 eng d
100 _91734
_aBhattacharya.A.
245 _aHome Science -XII
260 _aNEW DELHI
_bPACHANA
_c2002
999 _c4443
_d4443